Pla d'optimització de recursos : corporació sostenible : document de desplegament corporació sostenible :
Descripción Física:
140 p. : taules ; 30 cm
MARC
| LEADER | 00000nam a2200000Ia 4500 | ||
|---|---|---|---|
| 001 | 21003 | ||
| 008 | 160829s2006 xx 000 0 cat d | ||
| 080 | |a C-3-133 | ||
| 245 | |a Pla d'optimització de recursos : |b corporació sostenible : |b document de desplegament | ||
| 260 | |a Barcelona : |b Diputació de Barcelona. Àrea de Govern Local, |c 2006 | ||
| 300 | |a 140 p. : |b taules ; |c 30 cm | ||
| 590 | |a A la portada: Esborrany | ||
| 650 | |a Gestió ambiental |x Barcelona (Província) |9 36741 | ||
| 710 | 1 | |a Barcelona (Catalunya : Província). |b Àrea de Govern Local |9 54267 | |
| 901 | |a Arxiu | ||
| 942 | |n 1 | ||
| 952 | |0 0 |1 0 |4 0 |6 C3133 |7 1 |9 50640 |a Arxiu |b Arxiu |d 2016-12-01 |l 0 |o C-3-133 |p 21003 |r 2016-12-01 00:00:00 |w 2016-12-01 |y ARXIU | ||
| 999 | |c 54482 |d 54482 | ||